[Event "Campeonato Brasileiro Amador 2016 U2200"]
[Site "Esporte Clube Pinheiros"]
[Date "2016.05.29"]
[Round "7.7"]
[White "Lopes, Marcelo Ferreira"]
[Black "Winfridsson, Ola"]
[Result "1/2-1/2"]
[WhiteElo "2020"]
[BlackElo "2075"]
[PlyCount "204"]
[EventDate "2016.05.26"]

1. e4 c6 2. d4 d5 3. exd5 cxd5 4. c4 Nf6 5. Nc3 Nc6 6. Nf3 Be6 7. c5 a6 8. Na4
g6 9. Nb6 Ra7 10. Be2 Bg7 11. O-O Nd7 12. Nxd7 Qxd7 13. Be3 f6 14. Qd2 O-O 15.
b4 Bf7 16. a4 Rfa8 17. Qb2 e5 18. b5 axb5 19. axb5 Rxa1 20. Rxa1 Rxa1+ 21. Qxa1
Nd8 22. Qa8 Be6 23. Bd2 Qc8 24. Qa7 Bd7 25. Ba5 Ne6 26. c6 Bxc6 27. bxc6 Qxc6
28. Qb6 e4 29. Nd2 f5 30. Nb3 Kf7 31. Qxc6 bxc6 32. Bb6 Ke7 33. Ba6 Kd6 34. Kf1
h6 35. g3 g5 36. Bc8 f4 37. Bxe6 Kxe6 38. Ke2 Kf5 39. h3 h5 40. Na5 e3 41. gxf4
Kxf4 42. Bc7+ Ke4 43. fxe3 g4 44. hxg4 hxg4 45. Bh2 Bxd4 46. exd4 Kxd4 47.
Nxc6+ Ke4 48. Ne5 d4 49. Nxg4 d3+ 50. Kd2 Kf5 51. Nf2 Ke6 52. Kxd3 Kd5 53. Ne4
Ke6 54. Kd4 Kf5 55. Be5 Ke6 56. Ng3 Kd7 57. Kd5 Ke7 58. Nh5 Kf7 59. Nf4 Ke7 60.
Bd4 Kd7 61. Bc5 Kc7 62. Nd3 Kd7 63. Bd6 Ke8 64. Ke6 Kd8 65. Kd5 Kc8 66. Nc5 Kd8
67. Bb8 Kc8 68. Bd6 Kd8 69. Nb7+ Kc8 70. Na5 Kd8 71. Nb7+ Kc8 72. Nc5 Kd8 73.
Bf4 Kc8 74. Kd6 Kd8 75. Ne6+ Kc8 76. Be3 Kb7 77. Bc5 Ka6 78. Kc6 Ka5 79. Nd4
Ka4 80. Bd6 Ka5 81. Kc5 Ka4 82. Bc7 Ka3 83. Kc4 Kb2 84. Bf4 Ka3 85. Bc1+ Ka4
86. Bd2 Ka3 87. Bc3 Ka4 88. Ne6 Ka3 89. Nc5 Ka2 90. Kb4 Kb1 91. Kb3 Kc1 92.
Nd3+ Kd1 93. Nf4 Kc1 94. Be1 Kd1 95. Bb4 Kc1 96. Kc3 Kd1 97. Kd3 Kc1 98. Ne2+
Kd1 99. Nd4 Kc1 100. Bc3 Kd1 101. Nf5 Kc1 102. Ne3 Kb1 1/2-1/2

[Event "Campeonato Brasileiro Amador 2016 U2200"]
[Site "Esporte Clube Pinheiros"]
[Date "2016.05.29"]
[Round "7.8"]
[White "Martins, Anmartom Mugabe Lour"]
[Black "Ikeda, Vinicius Yasuto"]
[Result "1-0"]
[WhiteElo "1998"]
[BlackElo "2070"]
[PlyCount "115"]
[EventDate "2016.05.26"]

1. e4 e5 2. Nf3 Nc6 3. d4 exd4 4. Bc4 Nf6 5. O-O d5 6. exd5 Nxd5 7. Nxd4 Nxd4
8. Qxd4 Be6 9. Re1 c6 10. Nc3 Nc7 11. Qe4 Bd6 12. Bf4 Bxf4 13. Qxf4 O-O 14.
Rad1 Qc8 15. Re3 Rd8 16. Bd3 Nd5 17. Nxd5 Rxd5 18. Rde1 Qd8 19. Qb4 b5 20. Qe4
g6 21. Qf4 Rd4 22. Re4 Rxe4 23. Qxe4 Bd5 24. Qe3 Qf6 25. Qe5 Qxe5 26. Rxe5 Rd8
27. b3 Rd7 28. Kf1 f6 29. Re3 Kf7 30. g3 h5 31. c4 bxc4 32. bxc4 Be6 33. Bxg6+
Kxg6 34. Rxe6 Rc7 35. c5 Kf5 36. Rd6 Ke5 37. a4 a5 38. Kg2 Rc8 39. h3 Rc7 40.
f4+ Kf5 41. Kf3 Kg6 42. g4 hxg4+ 43. hxg4 Kg7 44. Ke4 Rb7 45. Kf5 Rb4 46. Rxc6
Rxa4 47. Rc7+ Kf8 48. Ra7 Ke8 49. g5 fxg5 50. fxg5 Ra1 51. g6 Rf1+ 52. Ke6 Re1+
53. Kd5 Rg1 54. g7 a4 55. Ra8+ Kf7 56. g8=Q+ Rxg8 57. Rxg8 Kxg8 58. c6 1-0

[Event "Campeonato Brasileiro Amador 2016 U2200"]
[Site "Esporte Clube Pinheiros"]
[Date "2016.05.29"]
[Round "7.9"]
[White "Rodrigues, Nei Jorge"]
[Black "Silva, Luiz Thiago"]
[Result "1-0"]
[WhiteElo "2060"]
[BlackElo "1872"]
[PlyCount "98"]
[EventDate "2016.05.26"]

1. d4 Nf6 2. c4 e6 3. Nc3 Bb4 4. f3 c5 5. d5 d6 6. e4 O-O 7. Bd3 b5 8. Nge2
bxc4 9. Bxc4 e5 10. O-O Qe7 11. Bg5 Nbd7 12. Ng3 Nb6 13. Bb5 Bxc3 14. bxc3 h6
15. Bd2 Kh7 16. Qc2 g6 17. a4 Bd7 18. Ba6 Bc8 19. Be2 a5 20. Rfb1 Qc7 21. c4
Bd7 22. Bd1 Ng8 23. f4 f6 24. Qd3 Rfb8 25. f5 g5 26. h4 Nc8 27. hxg5 fxg5 28.
Ne2 Nf6 29. Nc3 Rxb1 30. Rxb1 Na7 31. g4 Rb8 32. Kg2 Qd8 33. Rxb8 Qxb8 34. Qb1
Qb4 35. Qd3 Qa3 36. Kf3 Nc8 37. Ke3 Qa1 38. Qb1 Qa3 39. Kd3 Qb4 40. Qa2 Qb6 41.
Nb5 Ne8 42. Qb3 Nc7 43. Qc3 Na6 44. Qxa5 Bxb5 45. axb5 Nb8 46. Kc2 Qb7 47. Kb3
Nb6 48. Be2 Kg7 49. Qa1 Kf6 1-0

[Event "Campeonato Brasileiro Amador 2016 U2200"]
[Site "Esporte Clube Pinheiros"]
[Date "2016.05.29"]
[Round "7.10"]
[White "Trombini, Fabio"]
[Black "Viaro Baccarin, Natalia"]
[Result "1-0"]
[WhiteElo "1926"]
[BlackElo "1962"]
[PlyCount "101"]
[EventDate "2016.05.26"]

1. e4 c5 2. Nf3 e6 3. d4 cxd4 4. Nxd4 a6 5. Nc3 Nc6 6. Be2 Qc7 7. O-O Bb4 8.
Nxc6 Qxc6 9. Qd4 Bf8 10. Be3 d6 11. a4 e5 12. Qd3 Nf6 13. Rad1 Be7 14. Bg5 Be6
15. Bxf6 gxf6 16. Nd5 Bxd5 17. Qxd5 Qxd5 18. Rxd5 Rc8 19. c3 O-O 20. Rfd1 Kh8
21. Kf1 Rg8 22. h3 Rg5 23. c4 Rcg8 24. g3 Rc8 25. c5 dxc5 26. Rd7 Bf8 27. Rxb7
a5 28. Ra7 c4 29. Rxa5 Bc5 30. Rc1 Bd4 31. Rxc4 Rxc4 32. Bxc4 Bxb2 33. Bxf7 Kg7
34. h4 Rg4 35. Bd5 Kf8 36. Ra8+ Ke7 37. Ra7+ Kd6 38. Rxh7 f5 39. Rh6+ Kc5 40.
Rc6+ Kd4 41. Be6 Kxe4 42. Kg2 Rg7 43. f3+ Kd4 44. Bxf5 Bc3 45. h5 Rg5 46. g4
Rg8 47. h6 Bb4 48. Be6 Rb8 49. Rc4+ Ke3 50. Re4+ Kd3 51. Rxb4 1-0

[Event "Campeonato Brasileiro Amador 2016 U2200"]
[Site "Esporte Clube Pinheiros"]
[Date "2016.05.29"]
[Round "7.11"]
[White "Noseda, Francesco"]
[Black "Chi Haur, Wu"]
[Result "1-0"]
[WhiteElo "1966"]
[BlackElo "1574"]
[PlyCount "90"]
[EventDate "2016.05.26"]

1. e4 c5 2. Nf3 g6 3. d4 cxd4 4. Nxd4 Nc6 5. c4 Bg7 6. Nc2 Nf6 7. Nc3 O-O 8.
Be2 d6 9. O-O Nd7 10. Bd2 Nc5 11. b4 Bxc3 12. Bxc3 Nxe4 13. Bb2 Be6 14. b5 Ne5
15. Qd4 Nf6 16. f4 Ned7 17. g4 Bxg4 18. Bxg4 e5 19. fxe5 dxe5 20. Qd1 Qb6+ 21.
Kh1 Rad8 22. Qe2 Nxg4 23. Qxg4 f5 24. Qe2 Qe6 25. Rad1 Nf6 26. Qxe5 Qxe5 27.
Bxe5 Ng4 28. Bd4 b6 29. h3 Nh6 30. Nb4 Nf7 31. Nc6 Rd7 32. Bc3 Rc7 33. h4 Re8
34. Rfe1 Rxe1+ 35. Bxe1 g5 36. hxg5 Nxg5 37. Bg3 Rf7 38. Bf4 h6 39. Rd8+ Kg7
40. Bb8 Kg6 41. Bxa7 Re7 42. Rd3 Kh5 43. Bxb6 Ne4 44. Rf3 Kg4 45. Kg2 Rg7 1-0